000 00455nam a2200157Ia 4500
008 160316s1970 xxu||||| |||| 00| 0 eng d
082 _a346.082026
_bWEE
100 _aWeerasooria W S
245 _aCasebook on the law of banking and cheques in Cylon
250 _a
260 _aColombo
_bThe Banker's Training Institute of Cylon
_c1970
300 _a212p.
_b20 cm
_cxii
365 _b
650 _a1.Banking - Cheques - Case Laws - Cylon
700 _a
_a
999 _c4513
_d4513